Voices of Resistance/ (Record no. 198499)

MARC details
000 -LEADER
fixed length control field 00557nam a22001817a 4500
005 - DATE AND TIME OF LATEST TRANSACTION
control field 20231110142703.0
010 ## - LCCN (DPL NO)
LC control number ENG-138216
020 ## - INTERNATIONAL STANDARD BOOK NUMBER
International Standard Book Number 978935442772
Terms of availability 375.00
035 ## - SYSTEM CONTROL NUMBER
System control number EN-121748
037 ## - SOURCE OF ACQUISITION
Source of stock number/acquisition DBAD/PUB
082 ## - DEWEY DECIMAL CLASSIFICATION NUMBER
Classification number 880.08
245 ## - TITLE STATEMENT
Title Voices of Resistance/
Statement of responsibility, etc By Volga Kalpana Kannabiran
260 ## - PUBLICATION, DISTRIBUTION, ETC. (IMPRINT)
Place of publication, distribution, etc Telangana
Name of publisher, distributor, etc Orient Blackswan Private limited
Date of publication, distribution, etc 2023
270 ## - ADDRESS
Address 3-6-752, Himayatnagar
City Hyderabad
Postal code 500029
300 ## - PHYSICAL DESCRIPTION
Extent 284
Dimensions 22cm(pbk)
700 ## - ADDED ENTRY--PERSONAL NAME
Personal name Kannabiran , Volga Kalpana
9 (RLIN) 56902
942 ## - ADDED ENTRY ELEMENTS (KOHA)
Source of classification or shelving scheme Dewey Decimal Classification
Item type English Books
Classification part 880.08
Call number suffix KAN
Holdings
Withdrawn status Lost status Not for loan Collection code Home library Current library Date acquired Source of acquisition Cost, normal purchase price Full call number Barcode Copy number Cost, replacement price Koha item type
      Non-fiction Bawana Bawana 21/09/2023 Dbad/Pub 375.00 880.08 KAN EN-121748 1 375.00 English Books

© Delhi Public Library
Hit Counter
free hit counter